00855cam a22002654a 450000100090000000300040000900500170001300800410003001000170007102000150008804000180010304200080012104300120012905000220014108200180016324500800018126000540026130000260031544000270034150400640036865000240043265100360045670000190049285600780051113492961OSt20230907144713.0040218s2004 pau b 001 0 eng  a 2004003797 a0791078957 aDLCcDLCdDLC apcc ae-it---00aDG445b.I765 200400a945.05bBLO/I04aThe Italian Renaissance /cedited and with an introduction by Harold Bloom. aPhiladelphia :bChelsea House Publishers,cc2004. avii, 420 p. ;c25 cm. 0aBloom's period studies aIncludes bibliographical references (p. 391-404) and index. 0aRenaissancezItaly. 0aItalyxCivilizationy1268-1559.1 aBloom, Harold.413Table of contentsuhttp://www.loc.gov/catdir/toc/ecip0415/2004003797.html